| 000 | 00393 a2200109 4500 | ||
|---|---|---|---|
| 001 | ART_39022 | ||
| 005 | 20260410161804.0 | ||
| 008 | 260409a | ||
| 245 | 1 | 0 | _aCódigo de bancarrotas de los Estados Unidos. Una traducción y comentario. El mundo en proceso de cambio |
| 100 | 1 | _aDasso, Ariel G. | |
| 773 | 0 |
_tDoctrina Societaria y Concursal _g- Nº 322 (sep. 2014) _wREV4298 |
|
| 999 |
_c20847 _d20847 |
||